NCAA Football Coaches by Picture - Statistics

General Stats
  • This quiz has been taken 58 times
    23 since last reset
  • The average score is 33 of 135
Answer Stats
Picture Hint Answer % Correct
Clemson Dabo Swinney
81%
Colorado Deion Sanders
81%
North Carolina Bill Belichick
75%
Alabama Kalen DeBoer
75%
Georgia Kirby Smart
75%
LSU Brian Kelly
69%
Penn State James Franklin
69%
Florida Billy Napier
63%
Jacksonville State Charles Kelly
63%
Indiana Curt Cignetti
63%
Ole Miss Lane Kiffin
63%
Florida State Mike Norvell
63%
Ohio State Ryan Day
63%
Oregon Dan Lanning
56%
Colorado State Jay Norvell
56%
Notre Dame Marcus Freeman
56%
Miami Mario Cristobal
56%
Kentucky Mark Stoops
56%
Arkansas Sam Pittman
56%
Texas Steve Sarkisian
56%
Boston College Bill O'Brien
50%
Illinois Bret Bielema
50%
Arkansas State Butch Jones
50%
Iowa Kirk Ferentz
50%
USC Lincoln Riley
50%
Oklahoma State Mike Gundy
50%
Michigan Sherrone Moore
50%
Oklahoma Brent Venables
44%
Baylor Dave Aranda
44%
Missouri Eliah Drinkwitz
44%
Auburn Hugh Freeze
44%
Arizona State Kenny Dillingham
44%
Nebraska Matt Rhule
44%
Texas A&M Mike Elko
44%
South Carolina Shane Beamer
44%
Georgia Tech Brent Key
38%
Syracuse Fran Brown
38%
Army Jeff Monken
38%
Tennessee Josh Heupel
38%
Duke Manny Diaz
38%
Pittsburgh Pat Narduzzi
38%
Minnesota P.J. Fleck
38%
SMU Rhett Lashlee
38%
Virginia Tech Brent Pry
31%
Ohio Brian Smith
31%
UNLV Dan Mullen
31%
NC State Dave Doeren
31%
Washington Jedd Fisch
31%
Louisville Jeff Brohm
31%
Michigan State Jonathan Smith
31%
BYU Kilani Sitake
31%
Utah Kyle Whittingham
31%
West Virginia Neal Brown
31%
UAB Trent Dilfer
31%
Vanderbilt Clark Lea
25%
Stanford Frank Reich
25%
Rutgers Greg Schiano
25%
Connecticut Jim L. Mora
25%
Tulane Jon Sumrall
25%
Wisconsin Luke Fickell
25%
UCF Scott Frost
25%
Cincinnati Scott Satterfield
25%
TCU Sonny Dykes
25%
South Florida Alex Golesh
19%
Miami (OH) Chuck Martin
19%
Middle Tennessee State Derek Mason
19%
UCLA DeShaun Foster
19%
Bowling Green Eddie George
19%
California Justin Wilcox
19%
Western Michigan Lance Taylor
19%
Maryland Mike Locksley
19%
Virginia Tony Elliott
19%
Purdue Barry Odom
13%
Kansas State Chris Klieman
13%
North Texas Eric Morris
13%
Wake Forest Jake Dickert
13%
Liberty Jamey Chadwell
13%
Mississippi State Jeff Lebby
13%
Temple K.C. Keeler
13%
San Jose State Ken Niumatalolo
13%
Kansas Lance Leipold
13%
Boise State Spencer Danielson
13%
Hawaii Timmy Chang
13%
Air Force Troy Calhoun
13%
Houston Willie Fritz
13%
East Carolina Blake Harrell
6%
Arizona Brent Brennan
6%
Navy Brian Newberry
6%
Utah State Bronco Mendenhall
6%
Georgia Southern Clay Helton
6%
Appalachian State Dowell Loggains
6%
Texas State G.J. Kinne
6%
New Mexico Jason Eck
6%
Nevada Jeff Choate
6%
UTSA Jeff Traylor
6%
Washington State Jimmy Rogers
6%
Akron Joe Moorhead
6%
Texas Tech Joey McGuire
6%
Memphis Ryan Silverfield
6%
Rice Scott Abell
6%
San Diego State Sean Lewis
6%
Northern Illinois Thomas Hammock
6%
Charlotte Tim Albin
6%
Coastal Carolina Tim Beck
6%
Tulsa Tre Lamb
6%
Western Kentucky Tyson Helton
6%
Florida Atlantic Zach Kittley
6%
James Madison Bob Chesney
0%
Louisiana-Monroe Bryant Vincent
0%
Southern Miss Charles Huff
0%
Eastern Michigan Chris Creighton
0%
Northwestern David Braun
0%
Georgia State Dell McGee
0%
Troy Gerad Parker
0%
Toledo Jason Candle
0%
Wyoming Jay Sawvel
0%
Kennesaw State Jerry Mack
0%
Massachusetts Joe Harasymiak
0%
South Alabama Major Applewhite
0%
Kent State Mark Carney
0%
Central Michigan Matt Drinkall
0%
Fresno State Matt Entz
0%
Louisiana Michael Desormeaux
0%
Ball State Mike Uremovich
0%
Buffalo Pete Lembo
0%
Sam Houston State Phil Longo
0%
Old Dominion Ricky Rahne
0%
Missouri State Ryan Beard
0%
Delaware Ryan Carty
0%
UTEP Scotty Walden
0%
Louisiana Tech Sonny Cumbie
0%
Marshall Tony Gibson
0%
New Mexico State Tony Sanchez
0%
Oregon State Trent Bray
0%
Florida International Willie Simmons
0%
No matching quizzes found
Score Distribution
Percent of People with Each Score
Percentile by Number Answered
Your Score History
You have not taken this quiz since the last reset